Statistics for NBA Top 10 Best Scorers All-Time

Click here to take the quiz!

General Stats

  • This quiz has been taken 50 times
  • The average score is 8 of 11

Answer Stats

Player % Correct
Michael Jordan
97%
LeBron James
95%
Kobe Bryant
92%
Kareem Abdul-Jabbar
89%
Kevin Durant
82%
Stephen Curry
82%
Larry Bird
74%
James Harden
63%
Allen Iverson
58%
Hakeem Olajuwon
55%
Dirk Nowitzki
42%

Score Distribution

Percentile by Number Answered

Percent of People with Each Score

Your Score History

You have not taken this quiz